00973cam a22002534a 450000500170000000800410001702000400005802000400009804000240013804100080016204200080017004400080017808200190018610000220020524501110022726000340033830000630037250400510043565000650048665000280055170000180057970000310059785600910062820160113051134.0990514s2000 nyua b 001 0 eng  a0387988912 (hardcover : alk. paper) a0387986421 (softcover : alk. paper) aDLCcDLCdCo-BoIAvH0 aeng apcc axxu00a577.0151bM47m1 aMcGarigal, Kevin.10aMultivariate statistics for wildlife and ecology research /cKevin McGarigal, Sam Cushman, Susan Stafford. aNew York :bSpringer,cc2000. axiii, 283 páginas :bilustraciones. ;c24 centímetros. aIncludes bibliographical references and index.20aEcología animalxInvestigaciónxMétodos estadísticos20aAnálisis multivariado1 aCushman, Sam.1 aStafford, Susan G.,d1952-413Solo tabla de contenidouhttp://www.loc.gov/catdir/enhancements/fy0816/99016036-t.html